01739pab a2200193 454500008004000000100001500040245005900055260000900114300001500123362001200138520114400150650003901294650003101333773004401364908000601408909001001414999001701424952010401441180718b2003 xxu||||| |||| 00| 0 eng d aSekhar, A. aWater resources management in India - An introspection c2003 ap.254-260. aJul-Sep aThe limited availability of usable water calls for exploitation of all potential storage sites and replenishable groundwater resources, which is indeed a tall order. Low water charges in most states do not convey the scarcity value of water and on the contrary encourage overuse and misuse. The collection of water charges as a percentage of demand is also very low in most states. The Tenth Plan strategy is aimed to link reforms in water sector to Central funding. One of the problems being faced in the rural drinking water sector is slippage of habitations from fully covered to partially covered and partially covered to not covered habitations due to increase in population, fall in groundwater, water quality problems, etc. This article addresses the sustainability issues through focus on revival of traditional rain water harvesting techniques. It also suggests that a National Water Code will clearly define the parameters within which watershed development should take place. This issue as also the issue of sustanability of assets created merit attention before embarking on a massive programme to conserve water. - Reproduced. aWater resources management - India aWater resources management aIndian Journal of Public Administration aN a58568 c58568d58568 00104070aIIPAbIIPAd2018-07-19hVolume no: 49, Issue no: 3pAR59013r2018-07-19w2018-07-19yAR